Pene Yehoshuʻa, (Record no. 32104)
[ view plain ]
| 000 -LEADER | |
|---|---|
| fixed length control field | 00647cam a22002171 4500 |
| 001 - CONTROL NUMBER | |
| control field | he 67000185 |
| 003 - CONTROL NUMBER IDENTIFIER | |
| control field | DLC |
| 005 - DATE AND TIME OF LATEST TRANSACTION | |
| control field | 20260227111443.0 |
| 008 - FIXED-LENGTH DATA ELEMENTS--GENERAL INFORMATION | |
| fixed length control field | 880623r19631860nyu 000 0 hebr |
| 010 ## - LIBRARY OF CONGRESS CONTROL NUMBER | |
| LC control number | he 67000185 |
| 035 ## - SYSTEM CONTROL NUMBER | |
| System control number | (OCoLC)18126834 |
| 040 ## - CATALOGING SOURCE | |
| Original cataloging agency | DLC |
| Transcribing agency | CoDU |
| Modifying agency | CoDU |
| -- | DLC |
| 042 ## - AUTHENTICATION CODE | |
| Authentication code | premarc |
| 050 00 - LIBRARY OF CONGRESS CALL NUMBER | |
| Classification number | BM522.55 |
| Item number | .H6 1860a |
| 100 0# - MAIN ENTRY--PERSONAL NAME | |
| Personal name | Joshua Höschel ben Joseph, |
| Dates associated with a name | approximately 1578-1648. |
| 245 10 - TITLE STATEMENT | |
| Title | Pene Yehoshuʻa, |
| Remainder of title | sheʼelot u-teshuvot leha-Rav Yehoshuʻa ... |
| 260 ## - PUBLICATION, DISTRIBUTION, ETC. | |
| Place of publication, distribution, etc. | Nyu Yorḳ, |
| Name of publisher, distributor, etc. | D. Shṿarts |
| Date of publication, distribution, etc. | [1963?] |
| 300 ## - PHYSICAL DESCRIPTION | |
| Extent | 2 v. in 1. |
| Dimensions | 35 cm. |
| 500 ## - GENERAL NOTE | |
| General note | Photo-offset of Lemberg, 1860 ed. |
| 650 #0 - SUBJECT ADDED ENTRY--TOPICAL TERM | |
| Topical term or geographic name entry element | Responsa. |
No items available.